| 000 | 00387nam a2200145Ia 4500 | ||
|---|---|---|---|
| 008 | 231019s9999||||xx |||||||||||||| ||und|| | ||
| 020 | _a9788176370639 | ||
| 082 |
_a242 _bSIT/A |
||
| 100 | _aSitaram, Bulusu | ||
| 245 | 0 | _aAstanga Hrdayam: Sutrasthana and Muaulik Siddhant | |
| 250 | _a2nd Edition | ||
| 260 |
_aVaranasi _bChaukhambha Orientalia _c2023 |
||
| 300 | _a393p. | ||
| 942 | _cBK | ||
| 999 |
_c42105 _d42105 |
||